000 00624nam a2200193Ia 4500
005 20250508163239.0
008 008 250505s9999 xx 000 0 eng d
037 _aDissertations
040 _aFEDL
_beng
_cFEDL
041 _aeng
_2eng
084 _a371.2, TAN/DI
_qFEDL
100 _aJaneja Anita
_9774987
245 0 _aComparative study of the physical and other facilities in government and non-government high schools of Ambala district
260 _c1985
300 _a108p.
546 _aM. Ed. Dissertation (Kurukshetra University)
942 _cDIS
_h371.2, TAN/DI
999 _c1381761
_d1381761